Katalonien / Verantwortlich für den Text : Eduard Vinyamata i Camp und Imma Tubella i Casadevall ; Übersetzung aus dem Katalanischen von Heinrich Epple Eduard Vinyamata i Camp und Imma Tubella i Casadevall ; Übersetzung aus dem Katalanischen von Heinrich Epple
Descripción Física:
95 p. : il, negre i col., [1] f. ; 16 cm
Materias:
Catalunya -- Guies
MARC
| LEADER | 00000nam a2200000Ia 4500 | ||
|---|---|---|---|
| 001 | 1064 | ||
| 008 | 160829s1982 xx 000 0 cat d | ||
| 080 | |a H-2-17 | ||
| 100 | |a Vinyamata i Camp, Eduard |9 35464 | ||
| 245 | |a Katalonien / Verantwortlich für den Text : |b Eduard Vinyamata i Camp und Imma Tubella i Casadevall ; Übersetzung aus dem Katalanischen von Heinrich Epple | ||
| 260 | |a Barcelona : |b Generalitat de Catalunya. Departament de la Presidència, |c 1982 | ||
| 300 | |a 95 p. : |b il, negre i col., [1] f. ; |c 16 cm | ||
| 650 | |a Catalunya |x Guies |9 31557 | ||
| 700 | |a Tubella i Casadevall, Imma, ed. |9 35465 | ||
| 700 | 1 | |a Epple, Heinrich |9 35467 | |
| 710 | |a Catalunya. |b Departament de la Presidència |9 10777 | ||
| 901 | |a Arxiu | ||
| 942 | |n 1 | ||
| 952 | |0 0 |1 0 |4 0 |6 H217 |7 1 |9 46914 |a Arxiu |b Arxiu |d 2016-12-01 |l 0 |o H-2-17 |p 1064 |r 2016-12-01 00:00:00 |w 2016-12-01 |y ARXIU | ||
| 999 | |c 50707 |d 50707 | ||